Estado de la investigación y la docencia de postgrado en las Universidades del CSUCA
El objetivo de este estudio es llenar un vacío de información
Guardado en:
| Format: | Texto |
|---|---|
| Sprog: | Spanish |
| Fag: | |
| Tags: |
Tilføj Tag
Ingen Tags, Vær først til at tagge denne postø!
|
MARC
| LEADER | 00000 a a2200000 04500 | ||
|---|---|---|---|
| 001 | 7858 | ||
| 003 | cru CRAI/IIS | ||
| 005 | 20210520090921.0 | ||
| 008 | 210520b |||||||| |||| 00| 0 spa d | ||
| 040 | |c cru CRAI/IIS | ||
| 245 | |a Estado de la investigación y la docencia de postgrado en las Universidades del CSUCA | ||
| 500 | |a Colección Centroamérica | ||
| 520 | |a El objetivo de este estudio es llenar un vacío de información | ||
| 650 | |a UNIVERSIDADES | ||
| 650 | |a INVESTIGACION | ||
| 650 | |a INFORMACION | ||
| 650 | |a COOPERACION CIENTIFICA | ||
| 773 | |g número 46; páginas 87-99 | ||
| 773 | 0 | |0 18875 |9 4666 |a Universidad de Costa Rica. |d San José, Costa Rica: Universidad de Costa Rica. Consejo Superior Universitario Centroamericano, 1972- |o 14644 |t Estudios Sociales Centroamericanos / |x 03039676 | |
| 942 | |2 ddc |c PP | ||
| 999 | |c 30065 |d 30065 | ||
